Quizzes
Events
Quiz Creation
Community
Videos
Private Events
Remove Ads
Sign In
Join for FREE
Feedback
Dark Mode
Quiz Categories
Sports
Geography
Music
Movies
Television
Just For Fun
Miscellaneous
History
Literature
Language
Science
Gaming
Entertainment
Religion
Holiday
For Kids
Quiz Lab
Recent
Popular Today
Quiz Kudos Today
Editor Picks
Curator Picks
Quizzes by...
Day
Popularity
Type
Ratings
Length
Year
Community
Subscriptions
Recent Discussions
Orange Saloon
Badges
Playlists
Quests
Create
Leaderboards
Showdown
Live 5
Trivia Bingo
Activity
Puzzle Library
Sporcle Events
Private Events
Virtual Trivia
Globe League
Become a Host
Pub Owners
SporcleCon
Opinionation
Our Games
Videos
Blog
Mobile Apps
Partnerships
Remove Ads and Go Orange
Feedback
Music
Pop Music
The Beatles
Song
Album
Lyrics
Bands
Singers
Artist
Clip
Rock
Rap
Classical
Billboard
Country Music
Kpop
Taylor Swift
Music
Pop Music
The Beatles
Song
Album
Lyrics
Bands
Singers
Artist
Clip
Rock
Rap
Classical
Billboard
Country Music
Kpop
Taylor Swift
Random Quiz
Search Sporcle
×
Quiz Lab
Quiz Lab
Music
Album
Select answers by clicking on text or image buttons
Select answers by clicking on text or image buttons
Clickable
Best Score? Go Orange.
10 to 1 Foo Fighters Albums Stats
Match the songs with each Foo Fighters Album
By
dcullen31
10m
55 Questions
155 Plays
155 Plays
155 Plays
Comments
Comments
Give Quiz Kudos
Give Quiz Kudos
-
- Ratings
hide this ad
Forced Order
Answers have to be entered in order
Answers have to be entered in order
Random Order
Randomize order of answers
Randomize order of answers
Replay
Link that replays current quiz
Next Quiz
Link to next quiz in quiz playlist
You Got
0%
They Got
Avg Score
68%
Avg Friend Score
Upgrade to see
Score Distribution
Jump to the score distribution portion of the page
Score
0/55
Timer
10:00
0
Plays Today
% Correct
Everlong
85.8%
Monkey Wrench
83.9%
Hey, Johnny Park!
83.2%
My Hero
80.6%
This Is A Call
76.1%
Big Me
76.1%
Stacked Actors
76.1%
Learn To Fly
74.8%
For All The Cows
74.2%
All My Life
74.2%
February Stars
73.5%
Best Of You
73.5%
Enough Space
72.9%
Alone + Easy Target
72.9%
Walk
72.9%
The Sky Is A Neighborhood
72.9%
Weenie Beenie
72.3%
My Poor Brain
71.6%
Walking After You
71.6%
I'll Stick Around
71.6%
DOA
71.6%
Bridge Burning
71%
Rope
71%
Arlandria
71%
White Limo
71%
X-Static
70.3%
Run
70.3%
The Pretender
70.3%
% Correct
Breakout
69.7%
Floaty
68.4%
Times Like These
68.4%
No Way Back
67.7%
Cold Day In The Sun
67.1%
Something From Nothing
67.1%
These Days
66.5%
Congregation
65.8%
Wheels
65.8%
Aurora
65.2%
Generator
65.2%
Long Road To Ruin
65.2%
Exhausted
63.2%
Next Year
63.2%
La Dee Da
63.2%
Razor
62.6%
Sunday Rain
62.6%
Dirty Water
61.3%
Wind Up
60.6%
Resolve
60.6%
New Way Home
58.7%
Friend Of A Friend
56.8%
Low
56.1%
Halo
55.5%
Headwires
52.9%
Miracle
51.6%
Home
47.1%
Quiz Playlist
Details
Report
Send in Message
Add To Playlist
Clickable:
Select answers by clicking on text or image buttons
Forced Order:
Answers have to be entered in order
Random Order:
Randomize order of answers
Last Updated: Feb 15, 2018
Quiz Scoreboard
CHALLENGE
Sign Up to Join the Scoreboard
Show All
Scores
Hide
Comments
May contain spoilers
Recently Published
Presidents Visiting Landmarks
by Hejman
History
7m
An Introduction to Baseball
by treessimontrees
Sports
5m
Movies - When Are They Set?
by FPL_Elf
Movies
5m
More to Explore
Quiz From the Vault
Featured Blog Post
Where Did the Easter Bunny Come From?
hide this ad
You Might Also Like...
Tags
Album Quiz
Clickable Quiz
Song Quiz
Fighter
foo
Foo Fighters
Today's Top Quizzes in Music
Browse Music
hide this ad
Today's Top Quizzes in Album
Browse Album
Top Contributed Quizzes in Music
1
Taylor Swift All Songs (2024)
2
Guess the Artist- 70s Songs
3
Taylor Swift Logic Puzzle
4
KPOP LOGIC QUIZ
5
One Thing in Common: Music
6
2010s Album by Cover III
7
7-to-1: Billboard Hot 100 #1 Hits of 2010s
8
Guess the Taylor Swift song (Mystery Song)
9
Sorting Albums and Songs
10
2000s Album Cover Bunker
Explore More
Trending Topics
NBA
Anime
Crossword
Kpop
Harry Potter
Disney
Marvel
Song
Soccer
Puzzle
Country
Pokémon
NFL
The Office
WWE
hide this ad
More By:
dcullen31
Quiz
Plays
Rating
Category
Featured
Created
10 to 1 Songs by American Artists
1,228
5.00
Music
Feb 10, 2018
15 to 1 Beatles Facts
1,053
5.00
Music
Feb 3, 2018
10 to 1 Songs by English Artists
892
5.00
Music
Feb 10, 2018
10 to 1 Songs by Canadian Artists
706
3.56
Music
Feb 10, 2018
10 to 1 Arctic Monkeys
627
5.00
Music
Aug 17, 2018
Go to Creator's Profile
Score Distribution
Quiz Creator Spotlight
dcullen31
Follow
Send a Message
Quizzes Created
-
Created Quiz Play Count
-
More By This Creator
Popular Quizzes Today
1
Find the US States - No Outlines Minefield
2
Find the Countries of Europe - No Outlines Minefield
3
The Countries of the World
4
Find the US States
5
Popular People in 1961
6
US States
7
Risky Map Clicking: Biggest States A-Z
8
1-10 Letter E Words III
More Music Quizzes
2010's Musicians Without SPORCLE
Editor's Pick
Trending Quizzes
Risky Map Clicking: Least Populous States A-Z
1-10 Letter G Words
1-10 Letter F Words
Risky Map Clicking: Next State Alphabetically
Risky Map Clicking: Biggest States A-Z
Recently Updated
Leaping Animals
pecheneg
Reality TV Shows (A-Z)
bhenderson79
Rickey Henderson's Hall of Fame Teammates
pecheneg
Champions League XIs: Arsenal
pecheneg
Quick Pick: Celebrities in WWE's Hall of Fame
aduchscher
A-Z Keypad Blitz II
pecheneg
Multiple Oscar Actors
pecheneg
Mystery Phrase Blitz: Oscar 'Best Actors'
pecheneg
F. Scott Fitzgerald Novels
LTH
Pick 3 Villains
ddd62291
Trending Topics
Harry Potter
Crossword
Marvel
Disney
Anime
Kpop
NBA
The Office
Soccer
Song
Pokémon
Puzzle
NFL
WWE
Country
Your Account Isn't Verified!
In order to create a playlist on Sporcle, you need to verify the email address you used during registration. Go to your
Sporcle Settings
to finish the process.
Report this User
Report this user for behavior that violates our
Community Guidelines
.
Details:
Send Report
Go to the Sporcle.com Mobile Site →
Comments